000 00476nam a2200193Ia 4500
005 20250425161137.0
008 250425s9999 xx 000 0 und d
020 _a0835921891
041 _aeng
082 _a629.892
100 _aHEATH, LARRY
245 0 _aFUNDAMENTALS OF ROBOTICS: THEORY AND APPLICATIONS
250 _a1ST ED.
260 _aEstados Unidos
_bRESTON PUBLISHING
_c1985
260 _aVIRGINIA CITY
300 _a412
942 _c01
010 _a13648
999 _c203281
_d203281